<?xml version="1.0" encoding="UTF-8"?><?xml-stylesheet type="text/xsl" href="static/style.xsl"?><OAI-PMH xmlns="http://www.openarchives.org/OAI/2.0/" xmlns:xsi="http://www.w3.org/2001/XMLSchema-instance" xsi:schemaLocation="http://www.openarchives.org/OAI/2.0/ http://www.openarchives.org/OAI/2.0/OAI-PMH.xsd"><responseDate>2026-04-14T02:54:44Z</responseDate><request verb="GetRecord" identifier="oai:www.recercat.cat:2072/413890" metadataPrefix="marc">https://recercat.cat/oai/request</request><GetRecord><record><header><identifier>oai:recercat.cat:2072/413890</identifier><datestamp>2026-03-13T03:45:55Z</datestamp><setSpec>com_2072_98</setSpec><setSpec>col_2072_378192</setSpec></header><metadata><record xmlns="http://www.loc.gov/MARC21/slim" xmlns:dcterms="http://purl.org/dc/terms/" xmlns:xsi="http://www.w3.org/2001/XMLSchema-instance" xmlns:doc="http://www.lyncode.com/xoai" xsi:schemaLocation="http://www.loc.gov/MARC21/slim http://www.loc.gov/standards/marcxml/schema/MARC21slim.xsd">
   <leader>00925njm 22002777a 4500</leader>
   <datafield ind2=" " ind1=" " tag="042">
      <subfield code="a">dc</subfield>
   </datafield>
   <datafield ind2=" " ind1=" " tag="720">
      <subfield code="a">Sheinbaum Frank, Tamara</subfield>
      <subfield code="e">author</subfield>
   </datafield>
   <datafield ind2=" " ind1=" " tag="720">
      <subfield code="a">Bifulco, Antonia</subfield>
      <subfield code="e">author</subfield>
   </datafield>
   <datafield ind2=" " ind1=" " tag="720">
      <subfield code="a">Ballespí Sola, Sergi</subfield>
      <subfield code="e">author</subfield>
   </datafield>
   <datafield ind2=" " ind1=" " tag="720">
      <subfield code="a">Mitjavila i Garcia, Mercè</subfield>
      <subfield code="e">author</subfield>
   </datafield>
   <datafield ind2=" " ind1=" " tag="720">
      <subfield code="a">Kwapil, Thomas</subfield>
      <subfield code="e">author</subfield>
   </datafield>
   <datafield ind2=" " ind1=" " tag="720">
      <subfield code="a">Barrantes Vidal, Neus</subfield>
      <subfield code="e">author</subfield>
   </datafield>
   <datafield ind2=" " ind1=" " tag="260">
      <subfield code="c">2015</subfield>
   </datafield>
   <datafield ind2=" " ind1=" " tag="520">
      <subfield code="a">Background: Insecure attachment styles have received theoretical attention and some initial empirical support as mediators between childhood adverse experiences and psychotic phenomena; however, further specificity needs investigating. The present interview study aimed to examine (i) whether two forms of poor childhood care, namely parental antipathy and role reversal, were associated with subclinical positive and negative symptoms and schizophrenia-spectrum personality disorder (PD) traits, and (ii) whether such associations were mediated by specific insecure attachment styles. Method: A total of 214 nonclinical young adults were interviewed for subclinical symptoms (Comprehensive Assessment of At-Risk Mental States), schizophrenia-spectrum PDs (Structured Clinical Interview for DSM-IV Axis II Disorders), poor childhood care (Childhood Experience of Care and Abuse Interview), and attachment style (Attachment Style Interview). Participants also completed the Beck Depression Inventory-II and all the analyses were conducted partialling out the effects of depressive symptoms. Results: Both parental antipathy and role reversal were associated with subclinical positive symptoms and with paranoid and schizotypal PD traits. Role reversal was also associated with subclinical negative symptoms. Angry-dismissive attachment mediated associations between antipathy and subclinical positive symptoms and both angry-dismissive and enmeshed attachment mediated associations of antipathy with paranoid and schizotypal PD traits. Enmeshed attachment mediated associations of role reversal with paranoid and schizotypal PD traits. Conclusions: Attachment theory can inform lifespan models of how adverse developmental environments may increase the risk for psychosis. Insecure attachment provides a promising mechanism for understanding the development of schizophrenia-spectrum phenomenology and may offer a useful target for prophylactic intervention.</subfield>
   </datafield>
   <datafield tag="653" ind2=" " ind1=" ">
      <subfield code="a">Psychoses</subfield>
   </datafield>
   <datafield tag="653" ind2=" " ind1=" ">
      <subfield code="a">Depression</subfield>
   </datafield>
   <datafield tag="653" ind2=" " ind1=" ">
      <subfield code="a">Psychometrics</subfield>
   </datafield>
   <datafield tag="653" ind2=" " ind1=" ">
      <subfield code="a">Personality disorders</subfield>
   </datafield>
   <datafield tag="653" ind2=" " ind1=" ">
      <subfield code="a">Fear</subfield>
   </datafield>
   <datafield tag="653" ind2=" " ind1=" ">
      <subfield code="a">Questionnaires</subfield>
   </datafield>
   <datafield tag="653" ind2=" " ind1=" ">
      <subfield code="a">Child abuse</subfield>
   </datafield>
   <datafield tag="653" ind2=" " ind1=" ">
      <subfield code="a">Health care</subfield>
   </datafield>
   <datafield ind2="0" ind1="0" tag="245">
      <subfield code="a">Interview Investigation of Insecure Attachment Styles as Mediators between Poor Childhood Care and Schizophrenia-Spectrum Phenomenology</subfield>
   </datafield>
</record></metadata></record></GetRecord></OAI-PMH>